Diseño de estructuras de acero

Bewaard in:
Bibliografische gegevens
Hoofdauteur: Segui, William T (Auteur)
Formaat: Boek
Taal:Spaans
Gepubliceerd in: Ciudad de México International Thomson 2000
Onderwerpen:
Tags: Voeg label toe
Geen labels, Wees de eerste die dit record labelt!

MARC

LEADER 00000nam a2200000 a 4500
001 UCO7709
003 CL-VaPUC
008 001117e20000000MX |||||||||||||||||spa|d
082 0 4 |a 624.1821  |b SEG  |2 21 
100 0 |a Segui, William T  |e author  |9 452382 
245 1 0 |a Diseño de estructuras de acero 
300 |a 619 p 
942 |c BK 
945 |d 20001117 00:00:00  |a vberengu 
260 |a Ciudad de México  |b International Thomson  |c 2000 
650 0 |a Construcciones metálicas  |9 267978 
650 0 |a Estructuras de acero  |9 260344 
650 0 |a Diseño de estructuras  |9 260345 
650 0 |a Estructuras metálicas  |9 265870 
650 7 |a TENSION  |2 CL-VaPUC  |9 362336 
650 7 |a COMPRESION  |2 CL-VaPUC  |9 354568 
650 0 |a Vigas  |9 363949 
583 |a last modification  |c 20001117 00:00:00  |k Rodrigo Vera 
999 |c 292591  |d 292589 
952 |0 0  |1 0  |4 0  |6 624_182100000000000_SEG_2000  |7 0  |8 A  |9 343558  |a BIBING  |b BIBING  |d 2019-11-20  |i 3666131  |o 624.1821 SEG 2000  |p 3666131  |r 2025-01-20  |w 2019-11-20  |y BK  |k CCL